Statistiche per Presidenti del Consiglio

Clicka qui per fare il quiz!

Statistiche generali

  • Questo quiz è stato fatto 2.000 volte
    (1.384 dall'ultimo reset)
  • Il punteggio medio è 28 su 44

Statistiche sulle risposte

MandatoPresidentePartito% Corretto
2018->2021ConteM5S, Lega
98%
2001-2006BerlusconiForza Italia
97%
2008-2011BerlusconiIl Popolo della Libertà
97%
1994-1995BerlusconiForza Italia
97%
2021->DraghiGoverno Tecnico
96%
2014-2016RenziPartito Democratico
94%
2013-2014LettaPartito Democratico
86%
2011-2013MontiGoverno Tecnico
85%
1983-1987CraxiPartito Socialista Italiano
81%
2006-2008ProdiL'Ulivo (Centrosinistra)
80%
1996-1998ProdiL'Ulivo (Centrosinistra)
80%
1989-1992AndreottiDemocrazia Cristiana
79%
1972-1973AndreottiDemocrazia Cristiana
79%
1976-1979AndreottiDemocrazia Cristiana
79%
2016-2018GentiloniPartito Democratico
79%
1963-1968MoroDemocrazia Cristiana
75%
1974-1976MoroDemocrazia Cristiana
75%
1946-1953De GasperiDemocrazia Cristiana
74%
1998-2000D'AlemaDemocratici di Sinistra
63%
1993-1994CiampiIndipendente
61%
1982-1983FanfaniDemocrazia Cristiana
59%
1954-1954FanfaniDemocrazia Cristiana
59%
1958-1959FanfaniDemocrazia Cristiana
59%
1960-1963FanfaniDemocrazia Cristiana
59%
1987-1987FanfaniDemocrazia Cristiana
59%
2000-2001AmatoIndipendente (Centrosinistra)
57%
1992-1993AmatoPartito Socialista Italiano
57%
1979-1980CossigaDemocrazia Cristiana
57%
1968-1968LeoneDemocrazia Cristiana
53%
1963-1963LeoneDemocrazia Cristiana
53%
1995-1996DiniGoverno Tecnico
48%
1981-1982SpadoliniPartito Repubblicano Italiano
48%
1988-1989De MitaDemocrazia Cristiana
45%
1959-1960SegniDemocrazia Cristiana
44%
1955-1957SegniDemocrazia Cristiana
44%
1968-1970RumorDemocrazia Cristiana
42%
1973-1974RumorDemocrazia Cristiana
42%
1908-1981ForlaniDemocrazia Cristiana
37%
1987-1988GoriaDemocrazia Cristiana
34%
1960-1960TambroniDemocrazia Cristiana
31%
1954-1955ScelbaDemocrazia Cristiana
30%
1953-1954PellaDemocrazia Cristiana
28%
1970-1972ColomboDemocrazia Cristiana
26%
1957-1958ZoliDemocrazia Cristiana
23%

Distribuzione punteggi

Percentile per numero di risposta

Percentuale di utenti per punteggio

I tuoi punteggi nel tempo

Non hai fatto questo quiz dall'ultimo reset